000 00786nam a2200217Ia 4500
001 13885
003 GE_BSU
008 181216s||||||||xx |||||||||||||| ||und||
040 _cGE_BSU
080 _a66.02(075.8)
245 _aПримеры и задачи по курсу процессов и аппаратов химической технологии.
245 _bУчеб. пособие для вузов.
250 _a10-е изд. перераб. и доп.
260 _aЛ.
260 _bХимия.
260 _c1987.
300 _a576 стр. 22 см. 218 библиогр.
300 _e141 табл.
653 _aПримеры и задачи по курсу процессов и аппаратов химической технологии.
942 _cBK
999 _c47029
_d47029